000 00389cam a2200133 a 4500
020 _a047189883X (pbk.) :
_c$8.95 (est.)
050 0 0 _aQE363.2
_b.D53 1983
100 1 _aDietrich, Richard Vincent,
_d1924-
245 1 0 _aMinerals, rocks, and fossils /
_cR.V. Dietrich and Reed Wicander.
260 _aNew York :
_bWiley,
_cc1983.
300 _a212 p. :
700 1 _aWicander, Reed,
942 _cGEN
999 _c2185
_d2185